000 005690000a22001450004500
090 _aT B9328i
100 1 _aBuitrago Álvarez, Nelson; Buitrago Álvarez, Nelson
245 1 0 _aLa iglesia cristiana y el desafió misionero a los Árabes Musulmanes de Maicao / Nelson Buitrago Álvarez, Otoniel Amado Nieves
260 _aMedellin : Seminario Bíblico de Colombia
300 _a73 Pág.
500 _aAsesor: Marcos Wittig, Dr. en Misiología
502 _aTesis (Teología)-- Fundación Universitaria Seminario Biblico de Colombia, 2007
001 14847
942 _cBK
999 _c43667
_d43667